| 000 | 01036nam0a22002891 4500 | ||
|---|---|---|---|
| 001 | rc\4756896 | ||
| 005 | 20250613065321.0 | ||
| 021 |
_aRU _bРг1209-65 |
||
| 035 | _a(NLR Aleph) 008995351 | ||
| 090 |
_a9272864 _c9272864 |
||
| 100 | _a20130417d1964 |||y0rusy50 ca | ||
| 101 | 0 | _arus | |
| 102 | _aRU | ||
| 105 | _ay z ||||| | ||
| 200 | 1 |
_aДвижение за коммунистический труд в черной металлургии Украинской ССР _fО-во "Знание" УССР. Науч.-метод. кабинет |
|
| 210 |
_aКиев _cБ. и. _d1964 |
||
| 215 |
_a20 с. _d20 |
||
| 225 | 1 | _aВ помощь лектору | |
| 300 | _aОтпеч. множит. аппаратом | ||
| 320 | _aБиблиогр.: с. 20 | ||
| 700 | 1 |
_aЛукьянов _bМ.Р. _gМихаил Разумович |
|
| 701 | 1 |
_aТерещенко _bН.А. _gНиколай Александрович |
|
| 801 | 0 |
_aRU _bNLR _gpsbo |
|
| 801 | 1 |
_aRU _bELAR _2rusmarc |
|
| 852 |
_aNLR _j65-4/2455 |
||
| 942 | _cBOOK | ||
| 980 | _aNB | ||